[Event "AsianNationCupW-Standard"]
[Site "Hamedan 2018"]
[Date "2018.08.02"]
[Round "6.6"]
[White "Kurbonboeva, Sarvinoz"]
[Black "Alinasab, Mobina"]
[Result "1/2-1/2"]
[BlackElo "2281"]
[WhiteElo "2241"]
[LiveChessVersion "1.4.8"]

1. c4 {[%clk 1:30:50]} e5 {[%clk 1:30:41]} 2. Nc3 {[%clk 1:31:11]} d6
{[%clk 1:31:04]} 3. g3 {[%clk 1:30:13]} f5 {[%clk 1:31:21]} 4. Bg2
{[%clk 1:29:54]} Nf6 {[%clk 1:31:21]} 5. d3 {[%clk 1:25:13]} c6 {[%clk 1:30:29]}
6. e4 {[%clk 1:22:18]} Be7 {[%clk 1:30:39]} 7. Nge2 {[%clk 1:20:47]} O-O
{[%clk 1:30:36]} 8. O-O {[%clk 1:20:31]} Na6 {[%clk 1:30:19]} 9. d4
{[%clk 1:04:09]} Qe8 {[%clk 1:17:02]} 10. c5 {[%clk 0:35:57]} exd4
{[%clk 1:14:58]} 11. cxd6 {[%clk 0:28:12]} Bxd6 {[%clk 1:10:14]} 12. Qxd4
{[%clk 0:24:35]} Bc5 {[%clk 1:08:41]} 13. Qd3 {[%clk 0:23:26]} fxe4
{[%clk 0:55:38]} 14. Nxe4 {[%clk 0:23:25]} Nxe4 {[%clk 0:55:59]} 15. Qxe4
{[%clk 0:19:29]} Bf5 {[%clk 0:52:57]} 16. Qc4+ {[%clk 0:18:15]} Be6
{[%clk 0:52:43]} 17. Qc2 {[%clk 0:17:45]} Qf7 {[%clk 0:50:53]} 18. Bf4
{[%clk 0:12:15]} Bf5 {[%clk 0:50:30]} 19. Qc3 {[%clk 0:11:13]} Rad8
{[%clk 0:43:29]} 20. Rad1 {[%clk 0:02:23]} Bg4 {[%clk 0:43:33]} 21. Rxd8
{[%clk 0:02:07]} Rxd8 {[%clk 0:44:01]} 22. Nc1 {[%clk 0:02:17]} Bd4
{[%clk 0:43:16]} 23. Qd2 {[%clk 0:01:43]} Bf6 {[%clk 0:42:15]} 24. Qe3
{[%clk 0:01:13]} Bxb2 {[%clk 0:40:47]} 25. Nb3 {[%clk 0:00:59]} Be6
{[%clk 0:38:39]} 26. Qxa7 {[%clk 0:00:33]} Bxb3 {[%clk 0:38:12]} 27. Qb6
{[%clk 0:01:02]} Rd7 {[%clk 0:32:30]} 28. Qxb3 {[%clk 0:00:44]} Qxb3
{[%clk 0:30:48]} 29. axb3 {[%clk 0:01:14]} Nb4 {[%clk 0:30:08]} 30. Bh3
{[%clk 0:00:39]} Rd8 {[%clk 0:30:17]} 31. Be6+ {[%clk 0:00:35]} Kh8
{[%clk 0:30:08]} 32. Be3 {[%clk 0:00:42]} Nd5 {[%clk 0:29:23]} 33. Rd1
{[%clk 0:00:41]} Bf6 {[%clk 0:29:51]} 34. Bc5 {[%clk 0:00:39]} g5
{[%clk 0:26:37]} 35. f3 {[%clk 0:00:42]} Kg7 {[%clk 0:26:18]} 36. Kf2
{[%clk 0:00:53]} b6 {[%clk 0:26:37]} 37. Be3 {[%clk 0:00:42]} Rd6
{[%clk 0:24:24]} 38. Bh3 {[%clk 0:00:38]} c5 {[%clk 0:24:10]} 39. f4
{[%clk 0:00:40]} gxf4 {[%clk 0:23:26]} 40. gxf4 {[%clk 0:01:09]} Rd8
{[%clk 0:23:14]} 41. Be6 {[%clk 0:00:46]} Nc7 {[%clk 0:18:10]} 42. Rg1+
{[%clk 0:00:32]} Kh8 {[%clk 0:17:36]} 43. Bf7 {[%clk 0:24:09]} Rf8
{[%clk 0:45:44]} 44. Bc4 {[%clk 0:23:16]} Rd8 {[%clk 0:41:15]} 45. Kf3
{[%clk 0:19:58]} Bg7 {[%clk 0:40:19]} 46. h4 {[%clk 0:17:11]} Ne8
{[%clk 0:39:40]} 47. Rg2 {[%clk 0:16:46]} Nd6 {[%clk 0:39:41]} 48. Rd2
{[%clk 0:14:59]} Bf6 {[%clk 0:40:06]} 49. h5 {[%clk 0:15:12]} Nf5
{[%clk 0:32:51]} 50. Rxd8+ {[%clk 0:11:29]} Bxd8 {[%clk 0:33:19]} 51. Be6
{[%clk 0:11:34]} Ng7 {[%clk 0:32:48]} 52. Bf7 {[%clk 0:11:51]} Nf5
{[%clk 0:33:06]} 53. Be6 {[%clk 0:12:11]} Ng7 {[%clk 0:28:17]} 54. Bf7
{[%clk 0:12:37]} 1/2-1/2

[Event "AsianNationCupW-Standard"]
[Site "Hamedan 2018"]
[Date "2018.08.03"]
[Round "7.1"]
[White "Harika, Dronavalli"]
[Black "Khademalsharieh, Sarasadat"]
[Result "1/2-1/2"]
[BlackElo "2408"]
[WhiteElo "2494"]
[LiveChessVersion "1.4.8"]

1. Nf3 {[%clk 1:30:53]} d5 {[%clk 1:30:46]} 2. b3 {[%clk 1:30:50]} Nf6
{[%clk 1:30:36]} 3. Bb2 {[%clk 1:31:04]} g6 {[%clk 1:30:40]} 4. g3
{[%clk 1:30:30]} Bg7 {[%clk 1:31:03]} 5. Bg2 {[%clk 1:30:44]} O-O
{[%clk 1:31:15]} 6. c4 {[%clk 1:30:45]} dxc4 {[%clk 1:29:54]} 7. bxc4
{[%clk 1:31:09]} c5 {[%clk 1:30:21]} 8. O-O {[%clk 1:31:11]} Nc6 {[%clk 1:30:46]}
9. d3 {[%clk 1:30:30]} Bg4 {[%clk 1:28:18]} 10. Nbd2 {[%clk 1:30:02]} Qc7
{[%clk 1:28:32]} 11. h3 {[%clk 1:27:33]} Bd7 {[%clk 1:28:39]} 12. Rb1
{[%clk 1:27:00]} Rad8 {[%clk 1:28:48]} 13. Qc1 {[%clk 1:26:12]} 1/2-1/2

[Event "AsianNationCupW-Standard"]
[Site "Hamedan 2018"]
[Date "2018.08.03"]
[Round "7.5"]
[White "Tokhirjonova, Gulrukhbegim"]
[Black "Shen, Yang"]
[Result "1/2-1/2"]
[BlackElo "2462"]
[WhiteElo "2350"]
[LiveChessVersion "1.4.8"]

1. e4 {[%clk 1:30:53]} e5 {[%clk 1:30:41]} 2. Nf3 {[%clk 1:30:59]} Nc6
{[%clk 1:30:45]} 3. Bb5 {[%clk 1:30:39]} Nf6 {[%clk 1:28:42]} 4. d3
{[%clk 1:29:31]} Bc5 {[%clk 1:28:24]} 5. O-O {[%clk 1:27:37]} Nd4
{[%clk 1:26:43]} 6. Nxd4 {[%clk 1:25:42]} Bxd4 {[%clk 1:26:58]} 7. c3
{[%clk 1:25:39]} Bb6 {[%clk 1:26:34]} 8. d4 {[%clk 1:24:10]} c6 {[%clk 1:26:13]}
9. Ba4 {[%clk 1:24:34]} d6 {[%clk 1:25:19]} 10. dxe5 {[%clk 1:24:58]} dxe5
{[%clk 1:25:42]} 11. Qxd8+ {[%clk 1:25:25]} Bxd8 {[%clk 1:26:01]} 1/2-1/2

[Event "AsianNationCup2018-OpenRapid"]
[Site "?"]
[Date "2018.07.27"]
[Round "1.1"]
[White "Adhiban, B."]
[Black "Hossain, Enamul"]
[Result "1/2-1/2"]
[BlackElo "2491"]
[WhiteElo "2673"]
[LiveChessVersion "1.4.8"]

1. d4 {[%clk 0:15:17]} Nf6 {[%clk 0:15:16]} 2. c4 {[%clk 0:15:25]} e6
{[%clk 0:15:22]} 3. Nc3 {[%clk 0:15:33]} Bb4 {[%clk 0:15:24]} 4. a3
{[%clk 0:15:42]} Bxc3+ {[%clk 0:15:28]} 5. bxc3 {[%clk 0:15:50]} b6
{[%clk 0:15:15]} 6. f3 {[%clk 0:14:43]} Ba6 {[%clk 0:14:24]} 7. e4
{[%clk 0:14:49]} Nc6 {[%clk 0:14:12]} 8. Bg5 {[%clk 0:13:35]} Na5
{[%clk 0:13:47]} 9. Qa4 {[%clk 0:09:11]} h6 {[%clk 0:12:36]} 10. Bh4
{[%clk 0:09:20]} Qc8 {[%clk 0:09:04]} 11. Nh3 {[%clk 0:06:21]} c5
{[%clk 0:08:52]} 12. d5 {[%clk 0:06:14]} Qc7 {[%clk 0:07:42]} 13. Bg3
{[%clk 0:02:04]} e5 {[%clk 0:07:40]} 14. Rd1 {[%clk 0:01:40]} Nh5
{[%clk 0:07:20]} 15. Nf2 {[%clk 0:01:23]} O-O-O {[%clk 0:06:32]} 16. Ng4
{[%clk 0:01:17]} d6 {[%clk 0:06:29]} 17. Ne3 {[%clk 0:01:25]} g6 {[%clk 0:06:16]}
18. Bd3 {[%clk 0:01:24]} Qe7 {[%clk 0:04:28]} 19. Bf2 {[%clk 0:01:21]} Rdf8
{[%clk 0:04:11]} 20. g3 {[%clk 0:01:08]} Kc7 {[%clk 0:03:46]} 21. Qc2
{[%clk 0:01:09]} Qd7 {[%clk 0:03:42]} 22. a4 {[%clk 0:01:14]} Ng7
{[%clk 0:03:44]} 23. g4 {[%clk 0:01:00]} h5 {[%clk 0:02:51]} 24. g5
{[%clk 0:00:51]} f5 {[%clk 0:02:24]} 25. gxf6 {[%clk 0:00:53]} Rxf6
{[%clk 0:02:32]} 26. Be2 {[%clk 0:00:51]} Qh3 {[%clk 0:02:26]} 27. Kd2
{[%clk 0:00:34]} Rxf3 {[%clk 0:01:33]} 28. Bxf3 {[%clk 0:00:43]} Qxf3
{[%clk 0:01:41]} 29. Kc1 {[%clk 0:00:52]} Rf8 {[%clk 0:00:56]} 30. Rhf1
{[%clk 0:00:59]} Bxc4 {[%clk 0:01:05]} 31. Nxc4 {[%clk 0:00:45]} Nxc4
{[%clk 0:01:13]} 32. Qd3 {[%clk 0:00:29]} Qxd3 33. Rxd3 {[%clk 0:00:38]} g5
{[%clk 0:01:05]} 34. Rdd1 {[%clk 0:00:39]} Rf3 {[%clk 0:01:08]} 35. Bd4
{[%clk 0:00:30]} Rf4 {[%clk 0:00:29]} 36. Rxf4 gxf4 {[%clk 0:00:38]} 37. Bf2
{[%clk 0:00:44]} Ne8 {[%clk 0:00:47]} 38. Bh4 {[%clk 0:00:52]} a6
{[%clk 0:00:48]} 39. Rg1 {[%clk 0:00:57]} b5 {[%clk 0:00:50]} 40. axb5
{[%clk 0:01:06]} axb5 {[%clk 0:00:59]} 41. Rg5 {[%clk 0:01:09]} b4
{[%clk 0:00:41]} 42. cxb4 {[%clk 0:01:18]} cxb4 {[%clk 0:00:50]} 43. Kc2
{[%clk 0:01:14]} Kb6 {[%clk 0:00:52]} 44. Rxh5 {[%clk 0:01:19]} Nc7
{[%clk 0:00:59]} 45. Rh7 {[%clk 0:01:17]} Nb5 {[%clk 0:01:04]} 46. Bf2+
{[%clk 0:01:26]} Nd4+ {[%clk 0:00:58]} 47. Kd3 {[%clk 0:01:22]} b3
{[%clk 0:00:54]} 48. Rh8 {[%clk 0:01:12]} Kb7 {[%clk 0:00:46]} 49. Rh7+
{[%clk 0:01:21]} Kb6 {[%clk 0:00:56]} 50. Rh8 {[%clk 0:01:30]} Kb7
{[%clk 0:01:05]} 51. Rh7+ Kb6 1/2-1/2

[Event "AsianNationCup2018-OpenRapid"]
[Site "?"]
[Date "2018.07.27"]
[Round "1.2"]
[White "Mohammad, Minhaz Uddin"]
[Black "Sasikiran, Krishnan"]
[Result "0-1"]
[BlackElo "2625"]
[WhiteElo "2380"]
[LiveChessVersion "1.4.8"]

1. e4 {[%clk 0:15:16]} c5 {[%clk 0:15:18]} 2. Nf3 {[%clk 0:15:24]} d6
{[%clk 0:15:25]} 3. d4 {[%clk 0:15:32]} cxd4 {[%clk 0:15:31]} 4. Nxd4
{[%clk 0:15:39]} Nf6 {[%clk 0:15:39]} 5. Nc3 {[%clk 0:15:45]} a6 {[%clk 0:15:47]}
6. Bg5 {[%clk 0:15:51]} e6 {[%clk 0:14:03]} 7. Qd2 {[%clk 0:15:59]} b5
{[%clk 0:11:36]} 8. a3 {[%clk 0:13:33]} Nbd7 {[%clk 0:10:27]} 9. f4
{[%clk 0:11:36]} Bb7 {[%clk 0:09:12]} 10. O-O-O {[%clk 0:09:46]} Be7
{[%clk 0:08:00]} 11. Bd3 {[%clk 0:08:18]} Rc8 {[%clk 0:06:19]} 12. Rhe1
{[%clk 0:07:54]} O-O {[%clk 0:06:20]} 13. Kb1 {[%clk 0:05:13]} Nc5
{[%clk 0:04:43]} 14. f5 {[%clk 0:03:48]} e5 {[%clk 0:03:30]} 15. Nf3
{[%clk 0:03:55]} Kh8 {[%clk 0:02:33]} 16. Bxf6 {[%clk 0:03:35]} gxf6
{[%clk 0:02:06]} 17. Bf1 {[%clk 0:02:11]} Rg8 {[%clk 0:02:11]} 18. Nd5
{[%clk 0:02:07]} Rg4 {[%clk 0:01:59]} 19. h3 {[%clk 0:01:13]} Rxe4
{[%clk 0:01:38]} 20. Rxe4 {[%clk 0:01:00]} Nxe4 {[%clk 0:01:37]} 21. Qe3
{[%clk 0:01:06]} Nc5 {[%clk 0:01:15]} 22. g4 {[%clk 0:01:08]} Bxd5
{[%clk 0:01:01]} 23. Rxd5 {[%clk 0:01:16]} Na4 {[%clk 0:01:10]} 24. h4
{[%clk 0:00:40]} Qb6 {[%clk 0:00:52]} 25. Qe2 {[%clk 0:00:34]} Rc3
{[%clk 0:00:37]} 26. Rd3 {[%clk 0:00:22]} Rxd3 {[%clk 0:00:34]} 27. Qxd3
{[%clk 0:00:25]} Qc6 {[%clk 0:00:33]} 28. Nd2 {[%clk 0:00:22]} d5
{[%clk 0:00:40]} 29. Bg2 {[%clk 0:00:26]} e4 {[%clk 0:00:47]} 30. Qe2
{[%clk 0:00:18]} Qc3 {[%clk 0:00:51]} 0-1

[Event "AsianNationCup2018-OpenRapid"]
[Site "?"]
[Date "2018.07.27"]
[Round "1.3"]
[White "Gupta, Abhijeet"]
[Black "Islam, Kh. Aminul"]
[Result "1/2-1/2"]
[BlackElo "2319"]
[WhiteElo "2562"]
[LiveChessVersion "1.4.8"]

1. d4 {[%clk 0:15:17]} Nf6 {[%clk 0:14:53]} 2. c4 {[%clk 0:15:25]} e6
{[%clk 0:14:58]} 3. g3 {[%clk 0:15:18]} Bb4+ {[%clk 0:14:29]} 4. Nd2
{[%clk 0:15:24]} a5 {[%clk 0:13:13]} 5. Bg2 {[%clk 0:15:26]} d5 {[%clk 0:13:07]}
6. Ngf3 {[%clk 0:15:16]} O-O {[%clk 0:12:59]} 7. O-O {[%clk 0:15:23]} Re8
{[%clk 0:12:45]} 8. Qc2 {[%clk 0:15:13]} Nc6 {[%clk 0:11:16]} 9. Rd1
{[%clk 0:14:02]} Bf8 {[%clk 0:06:14]} 10. e4 {[%clk 0:13:30]} Nb4
{[%clk 0:06:23]} 11. Qb1 {[%clk 0:13:39]} c5 {[%clk 0:06:30]} 12. e5
{[%clk 0:07:56]} Ng4 {[%clk 0:06:24]} 13. Nf1 {[%clk 0:06:30]} cxd4
{[%clk 0:04:22]} 14. Rxd4 {[%clk 0:05:56]} f5 {[%clk 0:03:57]} 15. h3
{[%clk 0:05:23]} Nh6 {[%clk 0:03:10]} 16. Bxh6 {[%clk 0:05:20]} gxh6
{[%clk 0:03:19]} 17. cxd5 {[%clk 0:05:25]} exd5 {[%clk 0:02:52]} 18. Rd2
{[%clk 0:03:10]} f4 {[%clk 0:02:38]} 19. gxf4 {[%clk 0:03:08]} Ra6
{[%clk 0:02:38]} 20. a3 {[%clk 0:03:01]} Nc6 {[%clk 0:02:43]} 21. Ng3
{[%clk 0:02:59]} Ne7 {[%clk 0:02:27]} 22. f5 {[%clk 0:03:05]} Nc6
{[%clk 0:02:10]} 23. e6 Bg7 {[%clk 0:01:46]} 24. Qa2 {[%clk 0:03:14]} Ne7
{[%clk 0:01:44]} 25. Rad1 {[%clk 0:03:10]} Rf8 {[%clk 0:01:50]} 26. Qb1
{[%clk 0:02:48]} Rd6 {[%clk 0:01:45]} 27. Nd4 {[%clk 0:02:55]} Qe8
{[%clk 0:01:35]} 28. Qd3 {[%clk 0:02:08]} Bxd4 {[%clk 0:01:06]} 29. Qxd4
{[%clk 0:02:16]} Nxf5 {[%clk 0:01:14]} 30. Qg4+ {[%clk 0:01:53]} Ng7
{[%clk 0:01:23]} 31. Bxd5 {[%clk 0:01:39]} Bxe6 {[%clk 0:01:29]} 32. Bxe6+
{[%clk 0:01:01]} Rxe6 {[%clk 0:01:38]} 33. Re2 {[%clk 0:01:10]} Rxe2 34. Qxe2
{[%clk 0:01:18]} Qf7 {[%clk 0:01:29]} 35. Rd4 {[%clk 0:01:19]} Kh8
{[%clk 0:01:24]} 36. Re4 {[%clk 0:01:02]} Qf6 {[%clk 0:01:26]} 37. a4
{[%clk 0:00:48]} b6 {[%clk 0:01:32]} 38. b3 {[%clk 0:00:54]} Qa1+
{[%clk 0:01:30]} 39. Kg2 {[%clk 0:01:03]} Qf6 {[%clk 0:01:38]} 40. Qd2
{[%clk 0:00:51]} Qf7 {[%clk 0:01:27]} 41. Qe3 {[%clk 0:00:49]} Qf6
{[%clk 0:01:20]} 42. Kg1 {[%clk 0:00:58]} Kg8 {[%clk 0:01:17]} 43. Rg4
{[%clk 0:01:05]} Kh8 {[%clk 0:01:22]} 44. Qd4 {[%clk 0:01:11]} Ne6
{[%clk 0:01:23]} 45. Qxf6+ {[%clk 0:01:14]} Rxf6 {[%clk 0:01:32]} 46. Ne4
{[%clk 0:01:18]} Rf3 {[%clk 0:01:31]} 47. Kg2 {[%clk 0:01:06]} Rf8
{[%clk 0:01:40]} 48. Rg3 {[%clk 0:00:57]} Rg8 {[%clk 0:01:28]} 49. Rxg8+
{[%clk 0:00:54]} Kxg8 {[%clk 0:01:38]} 50. Kg3 {[%clk 0:01:00]} Kg7
{[%clk 0:01:28]} 51. Nd2 {[%clk 0:01:00]} Kf6 {[%clk 0:01:28]} 52. Kf3
{[%clk 0:01:07]} Kf5 {[%clk 0:01:06]} 53. Ke3 {[%clk 0:01:14]} Nf4
{[%clk 0:00:42]} 54. Nc4 {[%clk 0:01:13]} Nxh3 {[%clk 0:00:37]} 55. Nxb6
{[%clk 0:01:22]} Ng5 {[%clk 0:00:23]} 56. Nc4 {[%clk 0:00:43]} h5
{[%clk 0:00:32]} 57. f3 {[%clk 0:00:26]} h4 {[%clk 0:00:41]} 58. Kf2
{[%clk 0:00:35]} h3 {[%clk 0:00:45]} 59. Nxa5 {[%clk 0:00:35]} h2
{[%clk 0:00:54]} 60. Kg2 {[%clk 0:00:45]} Nxf3 {[%clk 0:01:03]} 61. Nc6
{[%clk 0:00:50]} Ke6 {[%clk 0:01:08]} 62. b4 {[%clk 0:00:25]} Kd6
{[%clk 0:01:18]} 63. b5 {[%clk 0:00:32]} Kc5 {[%clk 0:01:21]} 64. Kh1
{[%clk 0:00:23]} Kb6 {[%clk 0:01:18]} 65. Ne7 {[%clk 0:00:25]} Nd4
{[%clk 0:00:51]} 66. Nd5+ {[%clk 0:00:28]} Ka5 {[%clk 0:00:38]} 67. Nc3
{[%clk 0:00:37]} Ne6 {[%clk 0:00:40]} 68. Kxh2 {[%clk 0:00:42]} Nc5 69. Kh3
{[%clk 0:00:43]} Nxa4 {[%clk 0:00:54]} 70. Nxa4 {[%clk 0:00:49]} Kxb5
{[%clk 0:01:04]} 1/2-1/2

[Event "AsianNationCup2018-OpenRapid"]
[Site "?"]
[Date "2018.07.27"]
[Round "1.5"]
[White "Yakubboev, Nodirbek"]
[Black "Lu, Shanglei"]
[Result "1-0"]
[BlackElo "2663"]
[WhiteElo "2272"]
[LiveChessVersion "1.4.8"]

1. d4 {[%clk 0:15:10]} Nf6 {[%clk 0:15:18]} 2. c4 {[%clk 0:15:05]} e6
{[%clk 0:15:26]} 3. g3 {[%clk 0:14:36]} d5 {[%clk 0:15:26]} 4. Bg2
{[%clk 0:14:19]} dxc4 {[%clk 0:15:10]} 5. Nf3 {[%clk 0:14:27]} c5
{[%clk 0:15:03]} 6. O-O {[%clk 0:14:30]} Nc6 {[%clk 0:15:11]} 7. Qa4
{[%clk 0:14:39]} Bd7 {[%clk 0:14:38]} 8. Qxc4 {[%clk 0:14:43]} b5
{[%clk 0:14:41]} 9. Qd3 {[%clk 0:14:48]} c4 {[%clk 0:14:32]} 10. Qc2
{[%clk 0:14:01]} Rc8 {[%clk 0:13:45]} 11. a4 {[%clk 0:11:07]} a6 {[%clk 0:12:57]}
12. Bg5 {[%clk 0:09:21]} Be7 {[%clk 0:12:36]} 13. axb5 {[%clk 0:08:09]} axb5
{[%clk 0:12:45]} 14. Nc3 {[%clk 0:08:18]} Qb6 {[%clk 0:10:32]} 15. Rfd1
{[%clk 0:06:30]} O-O {[%clk 0:10:23]} 16. e4 {[%clk 0:05:53]} h6 {[%clk 0:09:35]}
17. Bf4 {[%clk 0:04:52]} Rfd8 {[%clk 0:08:33]} 18. Qe2 {[%clk 0:04:14]} Bf8
{[%clk 0:06:24]} 19. d5 {[%clk 0:03:35]} exd5 {[%clk 0:06:33]} 20. e5
{[%clk 0:03:27]} Re8 {[%clk 0:03:08]} 21. Qd2 {[%clk 0:01:43]} Ne4
{[%clk 0:02:19]} 22. Nxd5 {[%clk 0:01:28]} Qc5 {[%clk 0:02:28]} 23. Qe2
{[%clk 0:01:18]} Nxf2 {[%clk 0:00:40]} 24. Qxf2 {[%clk 0:01:24]} Be6
{[%clk 0:00:44]} 25. Be3 {[%clk 0:01:09]} Qxd5 {[%clk 0:00:50]} 26. Rxd5 Bxd5
{[%clk 0:00:59]} 27. Rd1 {[%clk 0:00:59]} Bxf3 {[%clk 0:00:42]} 28. Bxf3
{[%clk 0:00:56]} Nxe5 {[%clk 0:00:52]} 29. Be2 {[%clk 0:00:44]} b4
{[%clk 0:00:35]} 30. Bd4 {[%clk 0:00:42]} c3 {[%clk 0:00:42]} 31. bxc3
{[%clk 0:00:34]} bxc3 {[%clk 0:00:51]} 32. Rc1 {[%clk 0:00:42]} c2
{[%clk 0:00:39]} 33. Ba6 {[%clk 0:00:23]} Rc7 {[%clk 0:00:20]} 34. Rxc2
{[%clk 0:00:27]} Rxc2 {[%clk 0:00:26]} 35. Qxc2 {[%clk 0:00:36]} Nf3+
{[%clk 0:00:36]} 36. Kf1 {[%clk 0:00:36]} Nxd4 {[%clk 0:00:28]} 37. Qd3
{[%clk 0:00:40]} Re6 {[%clk 0:00:26]} 38. Qxd4 {[%clk 0:00:40]} Rxa6
{[%clk 0:00:34]} 39. Qd5 {[%clk 0:00:47]} Rf6+ {[%clk 0:00:40]} 40. Kg2
{[%clk 0:00:56]} g6 {[%clk 0:00:49]} 41. g4 {[%clk 0:01:03]} h5 {[%clk 0:00:57]}
42. g5 {[%clk 0:00:35]} Rd6 {[%clk 0:00:57]} 43. Qa8 {[%clk 0:00:38]} Rd4
{[%clk 0:00:59]} 44. Kf3 {[%clk 0:00:31]} Rg4 {[%clk 0:01:04]} 45. Qd8
{[%clk 0:00:40]} Ra4 {[%clk 0:01:02]} 46. Kg3 {[%clk 0:00:39]} Ra6
{[%clk 0:01:00]} 47. h4 {[%clk 0:00:41]} Kg7 {[%clk 0:01:02]} 48. Qd4+
{[%clk 0:00:46]} Kh7 {[%clk 0:01:08]} 49. Qc4 {[%clk 0:00:44]} Re6
{[%clk 0:01:15]} 50. Kf3 {[%clk 0:00:52]} Bg7 {[%clk 0:01:07]} 51. Qd5
{[%clk 0:00:58]} Re5 {[%clk 0:01:13]} 52. Qc4 {[%clk 0:00:57]} Rf5+
{[%clk 0:01:21]} 53. Kg2 {[%clk 0:01:04]} Be5 {[%clk 0:01:25]} 54. Qe4
{[%clk 0:01:12]} Bc3 {[%clk 0:01:16]} 55. Qe3 {[%clk 0:01:16]} Ba5
{[%clk 0:01:22]} 56. Qd4 {[%clk 0:01:17]} Be1 {[%clk 0:01:30]} 57. Qe4
{[%clk 0:01:24]} Bf2 {[%clk 0:01:20]} 58. Qc4 {[%clk 0:01:22]} Bc5
{[%clk 0:00:56]} 59. Qe4 {[%clk 0:01:22]} Kg7 {[%clk 0:00:55]} 60. Qc4
{[%clk 0:01:29]} Kf8 {[%clk 0:01:03]} 61. Qe4 {[%clk 0:01:34]} Bd6
{[%clk 0:01:06]} 62. Qd4 {[%clk 0:01:40]} Ke7 {[%clk 0:01:14]} 63. Qe4+
{[%clk 0:01:44]} Re5 {[%clk 0:01:21]} 64. Qb7+ {[%clk 0:01:51]} Kf8
{[%clk 0:00:50]} 65. Qc8+ {[%clk 0:01:53]} Re8 {[%clk 0:00:51]} 66. Qc6
{[%clk 0:01:54]} Re2+ {[%clk 0:00:56]} 67. Kf3 {[%clk 0:02:01]} Re6
{[%clk 0:01:04]} 68. Qc3 {[%clk 0:02:07]} Be5 {[%clk 0:01:11]} 69. Qc5+
{[%clk 0:02:12]} Kg7 {[%clk 0:01:20]} 70. Kg2 {[%clk 0:02:07]} Bd6
{[%clk 0:01:18]} 71. Qd4+ {[%clk 0:02:14]} Kg8 {[%clk 0:01:26]} 72. Kf3
{[%clk 0:02:17]} Be7 {[%clk 0:01:33]} 73. Qd7 {[%clk 0:02:16]} Re5
{[%clk 0:01:32]} 74. Qd4 {[%clk 0:02:03]} f6 75. gxf6 {[%clk 0:01:21]} Bxf6
{[%clk 0:01:45]} 76. Qc4+ {[%clk 0:01:29]} Kg7 {[%clk 0:01:53]} 77. Qb4
{[%clk 0:01:25]} Re7 {[%clk 0:02:00]} 78. Qc4 {[%clk 0:01:31]} Rd7
{[%clk 0:02:09]} 79. Ke3 {[%clk 0:01:10]} Kh7 {[%clk 0:02:09]} 80. Kf3
{[%clk 0:01:02]} Kg7 {[%clk 0:02:06]} 81. Ke3 {[%clk 0:01:10]} Re7+
{[%clk 0:02:10]} 82. Kf3 {[%clk 0:01:05]} Rf7 {[%clk 0:02:19]} 83. Ke3
{[%clk 0:00:58]} Rd7 {[%clk 0:02:28]} 84. Qf4 {[%clk 0:00:49]} Ra7
{[%clk 0:01:45]} 85. Qb4 {[%clk 0:00:52]} Rc7 {[%clk 0:01:54]} 86. Kf3
{[%clk 0:00:33]} Rc3+ {[%clk 0:01:57]} 87. Kg2 {[%clk 0:00:28]} Rd3
{[%clk 0:01:58]} 88. Qb7+ {[%clk 0:00:24]} Kg8 {[%clk 0:01:43]} 89. Qa6
{[%clk 0:00:16]} Rd2+ {[%clk 0:01:44]} 90. Kg3 {[%clk 0:00:18]} Be5+
{[%clk 0:01:22]} 91. Kf3 {[%clk 0:00:27]} Rd6 {[%clk 0:01:17]} 92. Qc8+
{[%clk 0:00:26]} Kf7 {[%clk 0:01:07]} 93. Qc7+ {[%clk 0:00:29]} Kf6
{[%clk 0:01:15]} 94. Qc1 {[%clk 0:00:33]} Rd3+ {[%clk 0:01:17]} 95. Ke2
{[%clk 0:00:39]} Rd6 {[%clk 0:01:08]} 96. Kf3 {[%clk 0:00:47]} Rd3+
{[%clk 0:01:08]} 97. Ke2 {[%clk 0:00:56]} Rd5 {[%clk 0:01:15]} 98. Kf3
{[%clk 0:01:01]} Bd6 {[%clk 0:00:48]} 99. Qc3+ {[%clk 0:01:03]} Be5
{[%clk 0:00:55]} 100. Qc1 {[%clk 0:01:11]} Bd6 {[%clk 0:00:35]} 101. Qc3+
{[%clk 0:01:20]} Re5 {[%clk 0:00:44]} 102. Kf4 {[%clk 0:01:20]} Ke6
{[%clk 0:00:50]} 103. Qc8+ {[%clk 0:01:26]} Ke7 {[%clk 0:00:46]} 104. Qb7+
{[%clk 0:01:19]} Kf8 {[%clk 0:00:49]} 105. Qd7 {[%clk 0:01:06]} Rf5+
{[%clk 0:00:49]} 106. Ke4 {[%clk 0:01:13]} Rf4+ {[%clk 0:00:42]} 107. Ke3
{[%clk 0:01:12]} Rf6 {[%clk 0:00:49]} 108. Qc8+ {[%clk 0:01:04]} Kg7
{[%clk 0:00:54]} 109. Qd7+ {[%clk 0:01:08]} Kg8 {[%clk 0:00:53]} 110. Qd8+
{[%clk 0:01:10]} Kf7 {[%clk 0:01:02]} 111. Qd7+ {[%clk 0:01:17]} Be7
{[%clk 0:01:11]} 112. Qd4 {[%clk 0:01:14]} Rf5 {[%clk 0:01:08]} 113. Qc4+
{[%clk 0:01:20]} Kg7 {[%clk 0:01:14]} 114. Qd4+ {[%clk 0:01:24]} Bf6
{[%clk 0:01:13]} 115. Qc4 {[%clk 0:01:13]} Kh6 {[%clk 0:01:17]} 116. Ke2
{[%clk 0:01:14]} Re5+ {[%clk 0:01:02]} 117. Kf3 {[%clk 0:01:20]} Kg7
{[%clk 0:01:11]} 118. Qc7+ {[%clk 0:01:21]} Re7 {[%clk 0:01:19]} 119. Qc4
{[%clk 0:01:29]} Rf7 {[%clk 0:01:15]} 120. Ke3 {[%clk 0:01:34]} g5
{[%clk 0:01:12]} 121. Qxf7+ {[%clk 0:01:32]} Kxf7 {[%clk 0:01:18]} 122. hxg5 1-0